000 00901nam a2200229 a 4500
001 39754
003 BD-RjUL
005 20211209053043.0
008 160417s2013 bg a|||| |||| 00| 0 ben d
020 _a9789848796337
_c: TK 450.00
035 _a(BD-RjUL)39867
040 _aBD-RjUL
_bben
_cBD-RjUL
041 _aben
082 _223
_a305.42054
_bBAP 2013
100 _aবসু, পূরবী
_9122451
245 1 0 _aপ্রাচ্যে পুরাতন নারী /
_cপূরবী বসু
260 _aঢাকা :
_bঅবসর প্রকাশনা সংস্থা,
_c২০১৩
300 _a২৮৮ পৃ. :
_bচিত্র ;
_c২২ সেমি.
650 _aনারী
_vসামাজিক অবস্থা
_zদক্ষিণ এশিয়া
_9122452
650 _awomen
_vSocial condition
_zSouth Asia
_9122453
942 _2ddc
_cBK
999 _c39754
_d39754